Marvel Characters by Pictures - MCU - Expert - Statistics

General Stats
  • This quiz has been taken 77 times
  • The average score is 7 of 20
Answer Stats
Picture Answer % Correct
Dan Whitman
55%
Miek
55%
Starfox
53%
Lylla
52%
Eitri
48%
B15
45%
Fandral
41%
Razor Fist
41%
Attuma
39%
Leapfrog
39%
Korath
36%
Minn Erva
33%
Topaz
32%
Elsa Bloodstone
30%
Jacques Duquesne
30%
Dave
26%
Reddagger
24%
Pug
17%
Ying Nan
15%
Ivan Banionis
8%
No matching quizzes found
Score Distribution
Percent of People with Each Score
Percentile by Number Answered
Your Score History
You have not taken this quiz